000 00430nam a2200181Ia 4500
001 8728
005 20260306160631.0
008 260306t2000||||xx |||||||||||||| ||spa||
041 _aESP
082 _a371.3
_bS19
100 _aSambrano, Jazmín
_eAUT
245 0 _aMapas mentales:
_bagenda para el éxito
260 _c2000
300 _a170 páginas :
_c23 cm.
650 _aGEN
654 _aCED
942 _cLIB
_dJUS
_fJUS
_2ddc
_n
999 _c8728
_d8728